[Event "Titled Tue 20th May Early"]
[Site "chess.com INT"]
[Date "2025.05.20"]
[Round "5"]
[White "Bespalov, Elisei"]
[Black "Koshulyan, Egor A."]
[Result "1-0"]
[BlackTitle "FM"]
[WhiteElo "2303"]
[BlackElo "2235"]
[WhiteFideId "34251928"]
[BlackFideId "24237000"]
[EventDate "2025.05.20"]

1. Nf3 d5 2. g3 g6 3. Bg2 Bg7 4. O-O e5 5. d3 Ne7 6. c4 c6 7. e4 O-O 8. b4 f5 9.
cxd5 cxd5 10. Nc3 fxe4 11. dxe4 d4 12. Qb3+ Kh8 13. Nd5 Nxd5 14. exd5 a5 15.
bxa5 Rxa5 16. Ng5 Na6 17. Bd2 Rc5 18. Rac1 h6 19. Ne4 Rxc1 20. Rxc1 Nc7 21. Ba5
Qxd5 22. Bxc7 Qd7 23. Bd6 Rd8 24. Rc7 Qg4 25. Qf7 Bd7 26. h3 Qf5 27. Qe7 Ra8 28.
Qxd7 Qxd7 29. Rxd7 Rxa2 30. Nc5 Bf6 31. Ne6 d3 32. Be7 d2 33. Bxf6+ Kg8 34. Bxe5
Rc2 35. Bf1 b5 36. Bf4 Rc1 37. Rxd2 Rc5 38. Nxc5 Kf7 39. Nb3 Kf6 40. Rd5 h5 41.
Bg5+ Kg7 42. Rxb5 Kg8 43. Rb6 Kh7 44. Rb7+ Kh8 45. g4 h4 46. f4 Kg8 47. Kf2 Kh8
48. Ke3 Kg8 49. Kd4 Kh8 50. Bf6+ Kg8 51. Bc4+ Kf8 52. Rb8# 1-0

[Event "Titled Tue 20th May Early"]
[Site "chess.com INT"]
[Date "2025.05.20"]
[Round "5"]
[White "Omariev, Maksim"]
[Black "Lagarde, Maxime"]
[Result "0-1"]
[WhiteTitle "FM"]
[BlackTitle "GM"]
[WhiteElo "2304"]
[BlackElo "2622"]
[WhiteFideId "4193423"]
[BlackFideId "662399"]
[EventDate "2025.05.20"]

1. b3 d5 2. Bb2 c6 3. f4 Nf6 4. Nf3 Bf5 5. e3 e6 6. Nc3 h6 7. Ne2 Bh7 8. Ng3
Nbd7 9. Bd3 a5 10. Bxh7 Nxh7 11. a4 Nhf6 12. O-O Bd6 13. Ne5 Qc7 14. Nxd7 Qxd7
15. Nh5 Nxh5 16. Qxh5 g6 17. Qh3 Rh7 18. Rae1 f5 19. d3 O-O-O 20. e4 Bb4 21. Re2
Qf7 22. exd5 exd5 23. Be5 Re8 24. d4 Re6 25. c3 Bf8 26. b4 axb4 27. cxb4 Bxb4
28. Qb3 Ba5 29. Rc2 Qd7 30. Rfc1 g5 31. Rc5 Bc7 32. a5 gxf4 33. a6 bxa6 34. Bxc7
Qxc7 35. Rxd5 cxd5 36. Rxc7+ Rxc7 37. Qxd5 Re2 38. Qa8+ Kd7 39. Qd5+ Ke7 40. h4
Rcc2 41. Qb7+ Kd6 42. Qxa6+ Kd5 43. Qb5+ Kxd4 44. Qxf5 Rxg2+ 45. Kf1 Rcf2+ 46.
Ke1 Ke3 47. Qe5+ Kf3 48. Qh5+ Kg3 49. Qg6+ Kh2 50. Qxh6 f3 51. Qf4+ Kh1 52. h5
Re2+ 53. Kf1 Rgf2# 0-1

[Event "Titled Tue 20th May Early"]
[Site "chess.com INT"]
[Date "2025.05.20"]
[Round "5"]
[White "Kvaloy, Aksel Bu"]
[Black "Emeliantsev, Anatoliy"]
[Result "1-0"]
[WhiteTitle "IM"]
[BlackTitle "FM"]
[WhiteElo "2479"]
[BlackElo "2359"]
[WhiteFideId "1528815"]
[BlackFideId "4160681"]
[EventDate "2025.05.20"]

1. e4 c5 2. Nf3 Nc6 3. Bb5 e6 4. O-O Nge7 5. d4 cxd4 6. Nxd4 Qb6 7. Nxc6 Qxb5 8.
Nd4 Qb6 9. Nc3 a6 10. Be3 Qd8 11. Re1 Nc6 12. Qg4 d6 13. Nxc6 bxc6 14. Rad1 Qc7
15. b3 e5 16. Qg3 Be6 17. Na4 Rb8 18. c4 g6 19. Rd2 c5 20. f3 h6 21. Red1 Be7
22. Nc3 Qc6 23. Nd5 Bd8 24. Rd3 Kf8 25. h4 Kg7 26. h5 g5 27. f4 f6 28. f5 Bxd5
29. Rxd5 Be7 30. Qf2 Rb7 31. Qd2 Rhb8 32. Kh2 Rb4 33. Qd3 a5 34. Bd2 R4b7 35.
Qc2 a4 36. bxa4 Rb2 37. Qd3 Rxa2 38. a5 Rbb2 39. Kh3 Qe8 40. Kg4 Qa4 41. Qe2 Rc2
42. Rb1 Rxc4 43. Rb7 Kf7 44. Kf3 Rxe4 45. Qxe4 1-0

[Event "Titled Tue 20th May Early"]
[Site "chess.com INT"]
[Date "2025.05.20"]
[Round "5"]
[White "Ersoz, Teoman Guney"]
[Black "Micic, Aleksa"]
[Result "0-1"]
[WhiteTitle "CM"]
[BlackTitle "FM"]
[WhiteElo "2090"]
[BlackElo "2191"]
[WhiteFideId "44537050"]
[BlackFideId "989940"]
[EventDate "2025.05.20"]

1. d4 Nf6 2. Nc3 d6 3. e4 Nbd7 4. Nf3 e5 5. Bc4 Be7 6. dxe5 dxe5 7. Bxf7+ Kxf7
8. Ng5+ Kg8 9. Ne6 Qe8 10. Nxc7 Qg6 11. Nxa8 Qxg2 12. Rf1 Nc5 13. Be3 Bh3 14.
Qe2 Qxf1+ 15. Qxf1 Bxf1 16. Kxf1 Ne6 17. Bxa7 Kf7 18. Nb6 Nd4 19. Nbd5 Nxc2 20.
Rc1 Nd4 21. Nxe7 Kxe7 22. Bxd4 exd4 23. Nb5 Nxe4 24. Rc7+ Ke6 25. Nxd4+ Kd5 26.
Ne2 Rf8 27. Nc3+ Kd6 28. Rxb7 Nxf2 29. Rxg7 Nd3+ 30. Kg1 Nxb2 31. Rxh7 Nd3 32.
Rh3 Nf4 33. Rg3 Rc8 34. Kf2 Rh8 35. Kf3 Ne6 36. Rg2 Rh3+ 37. Rg3 Rxh2 38. Ke4
Rh4+ 39. Kd3 Nc5+ 40. Ke3 Rc4 41. Kd2 Rd4+ 42. Kc2 Rh4 43. Rg2 Rh3 44. a4 Rh4
45. a5 Rh8 46. Rg1 Ra8 47. Ra1 Na6 48. Kb3 Kc5 49. Rh1 Rb8+ 50. Ka4 Kc4 51. Na2
Nc5+ 52. Ka3 Rb3# 0-1

[Event "Titled Tue 20th May Early"]
[Site "chess.com INT"]
[Date "2025.05.20"]
[Round "5"]
[White "Beniosev, Daniel"]
[Black "Bozorov, Javohir"]
[Result "1-0"]
[WhiteTitle "CM"]
[BlackTitle "FM"]
[WhiteElo "2010"]
[BlackElo "2093"]
[WhiteFideId "11632674"]
[BlackFideId "14216957"]
[EventDate "2025.05.20"]

1. e4 c5 2. Nc3 b6 3. g3 Bb7 4. Bg2 e6 5. d3 Nf6 6. Nge2 Be7 7. O-O O-O 8. h3 d5
9. exd5 exd5 10. d4 Na6 11. Be3 Nc7 12. Qd2 Qd7 13. Rad1 Rfd8 14. Qc1 Rac8 15.
Rfe1 Ne6 16. g4 Bd6 17. f4 Qc7 18. Nb5 Qb8 19. Nxd6 Qxd6 20. f5 cxd4 21. Nxd4
Nxd4 22. Bxd4 Ne4 23. c3 Qg3 24. Qe3 Qh4 25. Qf4 h5 26. Bxe4 dxe4 27. Kh2 hxg4
28. Qxg4 Qh6 29. Rg1 f6 30. Be3 Qh7 31. h4 Bd5 32. h5 Bxa2 33. h6 Rxd1 34. Qxd1
Qxf5 35. Rxg7+ Kh8 36. Qd6 Qh5+ 37. Kg1 Qf3 38. Rg3 Qf5 39. Qe7 Rg8 40. Rxg8+
Bxg8 41. Qg7# 1-0

[Event "Titled Tue 20th May Early"]
[Site "chess.com INT"]
[Date "2025.05.20"]
[Round "5"]
[White "Chiang, Jacob"]
[Black "Sahib, Singh"]
[Result "0-1"]
[BlackTitle "FM"]
[WhiteElo "2006"]
[BlackElo "2416"]
[WhiteFideId "30962331"]
[BlackFideId "25618342"]
[EventDate "2025.05.20"]

1. c4 Nf6 2. Nc3 e6 3. e4 d5 4. e5 Ne4 5. Nf3 Nc6 6. cxd5 exd5 7. d3 Nxc3 8.
bxc3 d4 9. cxd4 Nxd4 10. Qa4+ Nc6 11. Ba3 Bxa3 12. Qxa3 Nxe5 13. Nxe5 Qd4 14.
O-O-O Qxe5 15. d4 Qf4+ 16. Kb2 Qxf2+ 17. Ka1 Qf6 18. Bb5+ c6 19. Rhf1 Qe7 20.
Rde1 Be6 21. Qg3 O-O 22. Bd3 Qb4 23. Rf4 Qd2 24. Re2 Qc1+ 25. Bb1 Rad8 26. Rh4
g6 27. Rb2 Qd1 28. Qc3 Bf5 29. Rxb7 Rb8 30. Qb2 Rxb7 31. Qxb7 Re8 32. d5 Re1 33.
Rb4 Qxb1+ 34. Rxb1 Rxb1+ 35. Qxb1 Bxb1 36. Kxb1 cxd5 37. Kc2 Kf8 38. Kc3 Ke7 39.
Kb4 Kd6 40. a4 f5 41. a5 a6 42. g3 g5 43. h3 f4 44. gxf4 gxf4 45. Kc3 Ke5 46.
Kd3 d4 47. Kc4 Ke4 48. Kc5 f3 49. Kb6 f2 50. Kxa6 f1=Q+ 51. Kb6 Qb1+ 52. Ka7 d3
53. h4 d2 54. h5 d1=Q 55. h6 Qd7+ 56. Ka6 Qdb7# 0-1

[Event "Titled Tue 20th May Early"]
[Site "chess.com INT"]
[Date "2025.05.20"]
[Round "5"]
[White "Ruiz Aguilar, Pablo Alexander"]
[Black "Tursunalieva, Nurelina"]
[Result "0-1"]
[WhiteTitle "FM"]
[BlackTitle "WCM"]
[WhiteElo "2141"]
[BlackElo "1810"]
[WhiteFideId "4401352"]
[BlackFideId "13817329"]
[EventDate "2025.05.20"]

1. e4 c5 2. Nf3 d6 3. d4 cxd4 4. Nxd4 Nf6 5. Nc3 a6 6. Be3 e5 7. Nb3 Nc6 8. f3
Be6 9. Qd2 b5 10. O-O-O Be7 11. Kb1 O-O 12. g4 Qc7 13. g5 Nd7 14. Nd5 Bxd5 15.
Qxd5 Nb6 16. Qd2 Nc4 17. Bxc4 bxc4 18. Nc1 Rab8 19. Qc3 Nb4 20. a3 d5 21. exd5
Rfd8 22. d6 Rxd6 23. Rxd6 Bxd6 24. Rd1 Rb5 25. Rxd6 Qxd6 26. axb4 Qxb4 27. Qxb4
Rxb4 28. c3 Rb5 29. Kc2 f6 30. gxf6 gxf6 31. Na2 Kf7 32. Nb4 a5 33. Nc6 Ke6 34.
Nd8+ Ke7 35. Nc6+ Kd7 36. Nd4 exd4 37. Bxd4 Rf5 38. Bb6 a4 39. Kb1 Rxf3 40. Ka2
Kc6 41. Ba7 Kb5 42. Bb8 Rf2 43. Bg3 Rg2 44. Bf4 f5 45. Ka3 h5 46. Bg3 Rg1 47.
Ka2 Rf1 48. Be5 f4 0-1

[Event "Titled Tue 20th May Early"]
[Site "chess.com INT"]
[Date "2025.05.20"]
[Round "5"]
[White "Andrade, Ivan"]
[Black "Karvatskyi, Oleksii"]
[Result "0-1"]
[WhiteTitle "FM"]
[BlackTitle "CM"]
[WhiteElo "2161"]
[BlackElo "2248"]
[WhiteFideId "14800039"]
[BlackFideId "14191059"]
[EventDate "2025.05.20"]

1. e4 c5 2. Nf3 d6 3. d4 cxd4 4. Nxd4 Nf6 5. Nc3 g6 6. Be3 Ng4 7. Bb5+ Nc6 8.
Nxc6 bxc6 9. Bxc6+ Bd7 10. Bxa8 Nxe3 11. fxe3 Qxa8 12. O-O Bh6 13. Qd5 Bxe3+ 14.
Kh1 Qxd5 15. Nxd5 Bd4 16. c3 Be5 17. a4 f5 18. exf5 gxf5 19. Nc7+ Kf7 20. Nb5
Rg8 21. Nd4 Kf6 22. Rad1 Rg6 23. a5 Rh6 24. h3 Bc8 25. Nf3 Bb7 26. Nxe5 dxe5 27.
Kh2 Rg6 28. Rf2 f4 29. Rd7 Be4 30. Rxa7 h5 31. a6 Kf5 32. b4 Bd3 33. Rxe7 Bxa6
34. Rc7 Bd3 35. c4 Ke4 36. b5 Kd4 37. Rc6 Rg8 38. Rd2 Ke3 39. Rxd3+ Kxd3 40. c5
Ke2 41. Re6 Kf2 42. Rxe5 Rxg2+ 43. Kh1 Rg1+ 44. Kh2 Rb1 45. Rxh5 Rxb5 46. Rf5
Kf3 47. h4 Kg4 48. Rf8 Rb2+ 49. Kg1 Rc2 50. Kf1 Kf3 51. Ke1 Rxc5 0-1

[Event "Titled Tue 20th May Early"]
[Site "chess.com INT"]
[Date "2025.05.20"]
[Round "5"]
[White "Khandhadia, Nivaan Rathin"]
[Black "Grodotzki, Kenneth"]
[Result "0-1"]
[BlackTitle "CM"]
[WhiteElo "2112"]
[BlackElo "1984"]
[WhiteFideId "25753274"]
[BlackFideId "4648560"]
[EventDate "2025.05.20"]

1. d4 f5 2. c4 Nf6 3. Nc3 g6 4. Nf3 Bg7 5. e3 O-O 6. Bd3 d6 7. O-O Qe8 8. b3 e5
9. dxe5 dxe5 10. e4 Nc6 11. Ba3 Rf7 12. Ng5 Rd7 13. Qe2 Nd4 14. Qd2 c6 15. Bc5
f4 16. Bxd4 Rxd4 17. Nf3 Rd6 18. Rfd1 Bg4 19. c5 Rd7 20. Qe2 Kh8 21. Bc4 Rad8
22. Rxd7 Rxd7 23. Rd1 Rxd1+ 24. Qxd1 Qe7 25. Qd3 h6 26. h3 Bc8 27. b4 g5 28. a3
Ne8 29. Nh2 h5 30. f3 Nf6 31. Nf1 g4 32. hxg4 hxg4 33. fxg4 Nxg4 34. Qh3+ Nh6
35. Qxc8+ Bf8 36. Qh3 Kg7 37. Qe6 Qc7 38. Nd2 Be7 39. Nf3 Bf6 40. b5 cxb5 41.
Nxb5 Qxc5+ 42. Kh1 a6 43. Qd7+ Kg6 44. Qe8+ Kg7 45. Qd7+ Be7 0-1

[Event "Titled Tue 20th May Early"]
[Site "chess.com INT"]
[Date "2025.05.20"]
[Round "5"]
[White "Coe, William"]
[Black "Crispin Ferreras, Darvi Abraham"]
[Result "0-1"]
[BlackTitle "CM"]
[WhiteElo "2078"]
[BlackElo "2124"]
[WhiteFideId "30913624"]
[BlackFideId "6402771"]
[EventDate "2025.05.20"]

1. e4 e6 2. d4 d5 3. Nd2 Nc6 4. c3 dxe4 5. Nxe4 Nf6 6. Bd3 Be7 7. Nf3 O-O 8. O-O
Nxe4 9. Bxe4 f5 10. Bc2 Bd6 11. Re1 Qf6 12. Qe2 Bd7 13. Ne5 Bxe5 14. dxe5 Qg6
15. Bf4 Be8 16. Qb5 Rb8 17. Rad1 Nd4 18. Qd3 Nxc2 19. Qxc2 Bc6 20. g3 Bf3 21.
Rd7 Qg4 22. Qd3 g5 23. Be3 Be4 24. Qe2 Qxe2 25. Rxe2 Rbd8 26. Red2 Rxd7 27. Rxd7
Rf7 28. Rxf7 Kxf7 29. f4 gxf4 30. gxf4 b6 31. a3 Ke7 32. Kf2 Kd7 33. Kg3 h6 34.
Kh4 Bf3 35. Kg3 Bd1 36. Kf2 Kc6 37. Ke1 Bh5 38. Kd2 Kd5 39. Kd3 Be8 40. c4+ Kc6
41. b4 a6 42. c5 bxc5 43. Bxc5 Kd5 44. Bf8 Bb5+ 45. Kc3 h5 46. Kb3 Be2 47. a4 c6
48. Kc3 Ke4 49. Bh6 h4 50. Bg5 h3 51. Bh6 Bd1 52. a5 Be2 53. Bg5 Kf3 54. Kd4 Kg2
55. Kc5 Kxh2 56. Kd6 Bc4 0-1

[Event "Titled Tue 20th May Early"]
[Site "chess.com INT"]
[Date "2025.05.20"]
[Round "5"]
[White "Tulendinov, Dinmukhammed"]
[Black "Yonal, Timur"]
[Result "1-0"]
[WhiteTitle "FM"]
[BlackTitle "FM"]
[WhiteElo "2124"]
[BlackElo "2249"]
[WhiteFideId "13730860"]
[BlackFideId "44115725"]
[EventDate "2025.05.20"]

1. e4 c5 2. Nc3 d6 3. d4 cxd4 4. Qxd4 Nc6 5. Qd3 g6 6. Nf3 Bg7 7. Be2 Bg4 8. O-O
Nf6 9. Nd5 Bxf3 10. Bxf3 O-O 11. c3 Ne5 12. Qe2 Rc8 13. Bg5 Nxd5 14. exd5 h6 15.
Bh4 a6 16. a4 Qd7 17. a5 f5 18. h3 f4 19. Bxe7 Qxe7 20. Bg4 Rce8 21. Be6+ Kh7
22. f3 Qc7 23. Ra4 Nd7 24. Re4 Be5 25. b4 Nf6 26. Rc4 Qd8 27. Qd3 Re7 28. Rb1
Rc7 29. b5 Nd7 30. bxa6 Nc5 31. Rxc5 Rxc5 32. axb7 Qb8 33. a6 Qa7 34. Kh2 Kg7
35. c4 Rb8 36. Qa3 Bf6 37. Qa4 Rd8 38. b8=Q Rxb8 39. Rxb8 Qxb8 40. Qd7+ Kh8 41.
Qf7 Qd8 42. Qxg6 Bg7 43. a7 Ra5 44. Qf7 Ra2 45. c5 dxc5 46. d6 c4 47. d7 Bf8 48.
Qg8# 1-0

[Event "Titled Tue 20th May Early"]
[Site "chess.com INT"]
[Date "2025.05.20"]
[Round "5"]
[White "Valle Luis, Leo"]
[Black "Popov, Konstantin"]
[Result "0-1"]
[WhiteTitle "FM"]
[BlackTitle "FM"]
[WhiteElo "2301"]
[BlackElo "2378"]
[WhiteFideId "54577187"]
[BlackFideId "34137910"]
[EventDate "2025.05.20"]

1. e4 c5 2. Nf3 d6 3. d4 Nf6 4. Nc3 cxd4 5. Nxd4 a6 6. Bg5 Nbd7 7. f4 Qa5 8. Qd2
h6 9. Bxf6 Nxf6 10. O-O-O e5 11. Nb3 Qc7 12. Kb1 Be7 13. h3 b5 14. g4 b4 15. Nd5
Nxd5 16. exd5 exf4 17. Qxf4 O-O 18. Bd3 Bg5 19. Qxb4 a5 20. Qe4 f5 21. Qe2 Bf6
22. a4 Rb8 23. h4 Bd7 24. g5 Be5 25. Rdf1 Kh8 26. gxh6 g6 27. h5 g5 28. Re1 Bxa4
29. Bc4 Rb4 30. Qd2 Rxc4 31. Qxg5 Bxb3 32. cxb3 Rg4 33. Qd2 Qb6 34. Re2 Qxb3 35.
Rhe1 a4 36. Re3 Qb5 37. Rxe5 dxe5 38. Rxe5 Rg1+ 39. Re1 Rxe1+ 40. Qxe1 Qd7 41.
Qe5+ Kh7 42. Qf4 Qxd5 43. Qg5 Qf7 44. Qf4 Qxh5 45. Qc7+ Qf7 46. Qf4 Qf6 47. Qc7+
Rf7 48. Qf4 Qxh6 49. Qe5 f4 50. Qe4+ Qg6 0-1

[Event "Titled Tue 20th May Early"]
[Site "chess.com INT"]
[Date "2025.05.20"]
[Round "5"]
[White "Naroditsky, Daniel"]
[Black "Nihal, Sarin"]
[Result "0-1"]
[WhiteTitle "GM"]
[BlackTitle "GM"]
[WhiteElo "2619"]
[BlackElo "2693"]
[WhiteFideId "2026961"]
[BlackFideId "25092340"]
[EventDate "2025.05.20"]

1. e4 h6 2. d4 c6 3. Nf3 d5 4. exd5 cxd5 5. c4 Nf6 6. Nc3 e6 7. cxd5 Nxd5 8.
Bb5+ Bd7 9. Bxd7+ Qxd7 10. Ne5 Nxc3 11. Qf3 Qc7 12. bxc3 Bd6 13. O-O Bxe5 14.
dxe5 O-O 15. Qg3 Nc6 16. Re1 Ne7 17. Rb1 Rfd8 18. h4 Rac8 19. h5 b6 20. Rb3 Qc4
21. Qf3 Rd3 22. Qb7 Qc7 23. Qxc7 Rxc7 24. c4 Rd4 25. c5 bxc5 26. Rb8+ Kh7 27.
Be3 Rb4 28. Ra8 Nd5 29. Rc1 Nxe3 30. fxe3 Rh4 31. a4 Rxa4 32. Rd1 Rh4 33. g4
Rxg4+ 34. Kf2 Rh4 35. Rdd8 Rxh5 36. Rh8+ Kg6 37. Kf3 c4 38. Rhd8 Rxe5 39. Rd1 c3
40. Rg8 c2 41. Rc1 Rb5 42. Rg1+ Kf6 43. R8xg7 c1=Q 44. Rxc1 Rxc1 45. Rh7 Rf1+
46. Ke2 Rh1 47. Kd3 Rb8 48. e4 Kg6 49. Kd4 Kxh7 50. Ke5 Kg7 51. Kd6 Rd1+ 52. Ke5
Rb6 53. Kf4 Kf6 54. e5+ Kg6 55. Ke4 Rd5 56. Kf4 Rb4+ 0-1

[Event "Titled Tue 20th May Early"]
[Site "chess.com INT"]
[Date "2025.05.20"]
[Round "5"]
[White "Novosel, Lovro"]
[Black "Momunaliev, Ruslan"]
[Result "1-0"]
[WhiteTitle "FM"]
[BlackTitle "CM"]
[WhiteElo "2346"]
[BlackElo "2213"]
[WhiteFideId "14547120"]
[BlackFideId "13812211"]
[EventDate "2025.05.20"]

1. Nf3 d5 2. c4 c6 3. d4 Nf6 4. cxd5 cxd5 5. Nc3 Nc6 6. Bf4 Bf5 7. e3 e6 8. Qb3
Bb4 9. Bb5 O-O 10. O-O Bxc3 11. bxc3 Na5 12. Qb4 Ne4 13. Rfc1 Rc8 14. h3 Qb6 15.
Ne5 a6 16. Bf1 Qxb4 17. cxb4 Nc6 18. Nxc6 Rxc6 19. Rxc6 bxc6 20. Bxa6 Nc3 21. a3
f6 22. Rc1 Ra8 23. Rxc3 Rxa6 24. Kf1 Bb1 25. Ke2 Ba2 26. f3 Bc4+ 27. Kf2 Kf7 28.
e4 Ke7 29. h4 Kd7 30. Ke3 Ra8 31. g4 Re8 32. e5 f5 33. Rc1 Ra8 34. Ra1 Bb5 35.
h5 fxg4 36. fxg4 Ba4 37. Bg5 Rf8 38. Bh4 g6 39. h6 Ra8 40. Kf4 Rf8+ 41. Bf6 Ke8
42. Kg5 Rf7 43. Rf1 Bb5 44. Ra1 Ra7 45. Bg7 Ba4 46. Kf6 Kd7 47. Bf8 1-0

[Event "Titled Tue 20th May Early"]
[Site "chess.com INT"]
[Date "2025.05.20"]
[Round "5"]
[White "Souleidis, Georgios"]
[Black "Jahnz, Laurin"]
[Result "0-1"]
[WhiteTitle "IM"]
[BlackTitle "CM"]
[WhiteElo "2418"]
[BlackElo "2233"]
[WhiteFideId "4206827"]
[BlackFideId "16261089"]
[EventDate "2025.05.20"]

1. e4 c6 2. Nc3 d5 3. d3 dxe4 4. Bf4 Nd7 5. dxe4 e5 6. Bg3 Ngf6 7. Nf3 Qc7 8.
Bc4 Bb4 9. Qe2 O-O 10. O-O Re8 11. Rad1 Nb6 12. Bb3 Bg4 13. h3 Bh5 14. Bh4 Nfd7
15. g4 Bg6 16. Bg3 Nc5 17. Nd2 Nxb3 18. axb3 Rad8 19. Nf3 f6 20. Kh2 Bxc3 21.
bxc3 Rxd1 22. Rxd1 Rd8 23. Ra1 a6 24. h4 Qd7 25. h5 Bf7 26. Nh4 Qd2 27. Qxd2
Rxd2 28. Rc1 Re2 29. Nf5 Rxe4 30. Kh3 Be6 31. f3 Re2 32. Nd6 Nd5 33. Nxb7 f5 34.
Nc5 fxg4+ 35. fxg4 Bc8 36. Kh4 Nf6 37. Re1 Rxe1 38. Bxe1 Nxg4 39. c4 Ne3 40. c3
Kf7 41. Kg3 Nf5+ 42. Kf3 g6 43. hxg6+ Kxg6 44. Bd2 h5 45. Ne4 h4 46. Kg4 Nd6+
47. Kf3 Bg4+ 48. Ke3 Nxe4 49. Kxe4 h3 0-1

[Event "Titled Tue 20th May Early"]
[Site "chess.com INT"]
[Date "2025.05.20"]
[Round "5"]
[White "Sakun, Volodymyr"]
[Black "Dumanuly, Sultanbeibarys"]
[Result "1-0"]
[WhiteTitle "FM"]
[BlackTitle "FM"]
[WhiteElo "2301"]
[BlackElo "2117"]
[WhiteFideId "14114062"]
[BlackFideId "13731963"]
[EventDate "2025.05.20"]

1. Nf3 d5 2. d4 Nf6 3. c4 c6 4. cxd5 cxd5 5. Nc3 Nc6 6. Qb3 Na5 7. Qc2 e6 8. Bg5
Be7 9. e3 O-O 10. Bd3 h6 11. Bh4 Bd7 12. Ne5 Rc8 13. O-O b5 14. a3 Nc4 15. Qe2
a5 16. Nxc4 bxc4 17. Bb1 Rb8 18. Qc2 g6 19. f3 Bc6 20. Bf2 Qb6 21. Ra2 Nd7 22.
e4 Bf6 23. Qd2 Bg5 24. f4 Bf6 25. e5 Be7 26. g4 Kh7 27. f5 Bg5 28. Qe2 gxf5 29.
gxf5 Kh8 30. h4 Rg8 31. hxg5 Rxg5+ 32. Kh2 Rbg8 33. Rg1 Rxg1 34. Bxg1 Qd8 35.
Qh5 Qf8 36. Be3 Qg7 37. Qxh6+ Qxh6+ 38. Bxh6 Nf8 39. Bxf8 Rxf8 40. Bc2 Rg8 41.
Ra1 Rg5 42. f6 Rh5+ 43. Kg3 Kg8 44. Rg1 Rg5+ 45. Kf2 Rxg1 46. Kxg1 Kf8 47. Kf2
Ke8 48. Ne2 Kd8 49. Bh7 Be8 50. Ke3 Kc7 51. Nf4 Kb6 52. Nh5 Kb5 53. Kd2 Ka4 54.
Kc3 Bb5 55. Bg8 Be8 56. Ng7 Bb5 57. Bxf7 Bd7 58. Bxe6 Bb5 59. f7 Bd7 60. f8=Q 1-0

[Event "Titled Tue 20th May Early"]
[Site "chess.com INT"]
[Date "2025.05.20"]
[Round "5"]
[White "Bernadskiy, Vitaliy"]
[Black "Xue, Haowen"]
[Result "0-1"]
[WhiteTitle "GM"]
[BlackTitle "GM"]
[WhiteElo "2523"]
[BlackElo "2518"]
[WhiteFideId "14100371"]
[BlackFideId "8625492"]
[EventDate "2025.05.20"]

1. e4 c6 2. c4 d5 3. exd5 cxd5 4. d4 Nf6 5. Nc3 Nc6 6. Nf3 Bg4 7. cxd5 Nxd5 8.
Qb3 Bxf3 9. gxf3 Nb6 10. d5 Nd4 11. Bb5+ Nd7 12. Qd1 Nxb5 13. Nxb5 Qa5+ 14. Nc3
g6 15. Qd4 Nf6 16. d6 Rd8 17. Bf4 Bg7 18. Be5 O-O 19. dxe7 Rxd4 20. exf8=Q+ Kxf8
21. Bxd4 Nd5 22. Bxg7+ Kxg7 23. Kd2 Nf4 24. Rad1 Qf5 25. Ne4 Qd5+ 26. Kc2 Qxa2
27. Rd4 Ne6 28. Rb4 b5 29. Rd1 Qa5 30. Rb3 Qa4 31. Nc3 Nd4+ 32. Rxd4 Qxd4 33.
Ne4 f5 34. Nd2 Qxf2 35. Rxb5 Qxh2 36. Rb7+ Kf6 37. Rxa7 h5 38. b4 h4 39. b5 h3
40. b6 Qb8 41. Nc4 Qg8 42. Kc3 h2 43. Ra1 Qd5 44. Rb1 Qxf3+ 45. Kb4 h1=Q 46.
Rxh1 Qxh1 47. Kc5 Ke6 48. Nd6 Qd5+ 0-1

[Event "Titled Tue 20th May Early"]
[Site "chess.com INT"]
[Date "2025.05.20"]
[Round "5"]
[White "Demchenko, Anton"]
[Black "Toktomushev, Teimur"]
[Result "1-0"]
[WhiteTitle "GM"]
[BlackTitle "FM"]
[WhiteElo "2619"]
[BlackElo "2398"]
[WhiteFideId "4160258"]
[BlackFideId "14176726"]
[EventDate "2025.05.20"]

1. e4 c5 2. Nc3 e6 3. g3 d5 4. d3 Nc6 5. Bg2 Nf6 6. Nge2 Be7 7. O-O O-O 8. Bg5
d4 9. Nb1 Ne8 10. Bxe7 Qxe7 11. f4 e5 12. Nd2 Nd6 13. f5 f6 14. h4 Bd7 15. g4
Be8 16. Ng3 Rc8 17. Rf2 b5 18. Bf1 Bf7 19. Nf3 c4 20. g5 Rc7 21. Rg2 Rfc8 22.
Kh2 cxd3 23. cxd3 Nb4 24. g6 hxg6 25. fxg6 Be6 26. Ne1 Kf8 27. a3 Na6 28. b4 Rc3
29. Rf2 Ke8 30. h5 Nc7 31. Qd2 Kd7 32. Kg1 Rh8 33. Nf3 Kc8 34. Nh4 Kb8 35. Rc1
Rxc1 36. Qxc1 Bc8 37. Rc2 Ne6 38. Bh3 Nf4 39. Bxc8 Nxc8 40. Nhf5 Qd7 41. h6 gxh6
42. g7 Rg8 43. Kf1 Nd6 44. Rh2 Nxf5 45. Nxf5 Rxg7 46. Nxg7 Qxg7 47. Qc5 Qg4 48.
Qxb5+ Kc7 49. Rc2+ Kd8 50. Qb8+ Ke7 51. Rc7+ 1-0

[Event "Titled Tue 20th May Early"]
[Site "chess.com INT"]
[Date "2025.05.20"]
[Round "5"]
[White "Rushbrooke, Remy"]
[Black "Koridze, Lile"]
[Result "1-0"]
[BlackTitle "WFM"]
[WhiteElo "2090"]
[BlackElo "2110"]
[WhiteFideId "443590"]
[BlackFideId "13612514"]
[EventDate "2025.05.20"]

1. Nf3 Nf6 2. g3 d5 3. Bg2 c5 4. O-O Nc6 5. d4 e6 6. c4 dxc4 7. dxc5 Qxd1 8.
Rxd1 Bxc5 9. Nbd2 O-O 10. Nxc4 Bd7 11. Bg5 Rfd8 12. Nfe5 Be8 13. Nxc6 Bxc6 14.
Bxc6 bxc6 15. Ne5 Bxf2+ 16. Kg2 Bb6 17. Nxc6 Rxd1 18. Rxd1 Ne4 19. Bd8 Kf8 20.
Bxb6 axb6 21. Rd8+ Rxd8 22. Nxd8 Ke7 23. Nc6+ Kd6 24. Nd4 Nd2 25. a4 Kd5 26. Nb5
Nc4 27. b4 Nb2 28. a5 bxa5 29. bxa5 Kc5 30. a6 Kb6 31. a7 Kb7 32. Kf3 Nc4 33.
Kf4 f6 34. e4 Nb6 35. Nd6+ Kxa7 36. Ne8 g5+ 37. Kg4 Nd7 38. Kh5 Kb6 39. Kh6 Kc5
40. Kxh7 Kd4 41. Kg6 Ke5 42. h4 Nf8+ 43. Kg7 gxh4 44. gxh4 Nd7 45. h5 Nc5 46. h6
Nxe4 47. h7 f5 48. h8=Q f4 49. Kg6+ Kd5 50. Nf6+ Nxf6 51. Qxf6 e5 52. Kf5 f3 53.
Qxe5+ Kc4 54. Qe4+ 1-0

[Event "Titled Tue 20th May Early"]
[Site "chess.com INT"]
[Date "2025.05.20"]
[Round "5"]
[White "Jiganchine, Roman"]
[Black "Fieberg, Samuel"]
[Result "0-1"]
[WhiteTitle "CM"]
[BlackTitle "FM"]
[WhiteElo "2205"]
[BlackElo "2157"]
[WhiteFideId "2603667"]
[BlackFideId "12901717"]
[EventDate "2025.05.20"]

1. Nf3 d5 2. e3 Nf6 3. c4 e6 4. b3 Be7 5. Bb2 O-O 6. Nc3 b6 7. d4 Bb7 8. Bd3 c5
9. O-O dxc4 10. bxc4 Nc6 11. Rc1 Qd7 12. Qe2 Rad8 13. Rfd1 Qc8 14. d5 Nb4 15. e4
exd5 16. cxd5 Rfe8 17. Bb1 Bd6 18. Qd2 Qb8 19. g3 h6 20. a3 Na6 21. Re1 Ng4 22.
Nb5 Ne5 23. Nh4 Be7 24. Bxe5 Qxe5 25. Nf5 Qf6 26. Qf4 Qg5 27. Qxg5 Bxg5 28. Rcd1
g6 29. Nfd6 Re7 30. Nxb7 Rxb7 31. e5 Nc7 32. Nd6 Rbb8 33. Ne4 Nxd5 34. Ba2 Ne7
35. Nd6 Rf8 36. e6 f5 37. Nc4 Bf6 38. Nd6 Rfd8 39. Nb5 a6 40. Nc7 Rbc8 41. Nxa6
Kf8 42. Rd7 Rxd7 43. exd7 Rd8 44. Be6 Nc6 45. Nc7 Nd4 46. Kg2 g5 47. h4 b5 48.
hxg5 hxg5 49. Rh1 Kg7 50. Rb1 Be5 51. Bd5 Bxc7 0-1